00270nam a22000857a 4500008004100000082001900041245008100060260003000141300001300171230703b xxu||||| |||| 00| 0 eng d a342.bGIC 1987 aA Textbook of The Constitution and Government of Kenya for Secondary Schools bH.B. Ndoria Gicheruc1987 aXVI,654p